| 000 | 00478cam a2200145 4500 | ||
|---|---|---|---|
| 082 | 0 |
_a947.0842 _bWYK _cL-30, P-128 |
|
| 100 | 1 |
_aWykes, Alan. _949012 |
|
| 245 | 1 | 4 | _aThe siege of Leningrad: epic of survival. |
| 260 |
_a[New York, _bBallantine Books, _c1968] |
||
| 300 |
_a160 p. _billus., maps, ports. _c21 cm. |
||
| 490 | 1 | _aBallantine's illustrated history of World War II. Battle book ; | |
| 526 |
_a0 _b0 _c0 _d947_084200000000000_WYK |
||
| 650 |
_aMCE _9379 |
||
| 942 |
_2ddc _cBK |
||
| 999 |
_c551852 _d551852 |
||